[Event "40th Nezhmetdinov Rapid 2018"]
[Site "Kazan"]
[Date "2018.09.12"]
[Round "11"]
[White "Demidov, Mikhail"]
[Black "Timofeev, Artyom"]
[Result "0-1"]
[WhiteElo "2514"]
[BlackElo "2588"]
[Annotator "TA"]
[PlyCount "152"]
[EventDate "2018.09.11"]
[EventType "swiss"]
[EventCountry "RUS"]
[SourceTitle "playchess.com"]
[Source "ChessBase"]
[SourceQuality "1"]

{[%evp 23,152,0,0,-14,8,-26,-8,0,0,0,12,0,11,0,23,11,16,6,7,0,7,14,22,7,8,0,0,0,0,-7,0,-27,-31,-27,-31,-26,-34,-39,-39,-41,-25,-53,-50,-67,0,-38,-44,-64,-58,-64,-62,-77,-76,-77,-77,-80,-79,-83,-43,-100,-52,-26,-28,-27,6,0,0,0,0,0,30,0,0,-43,-15,-13,0,0,-4,-173,-177,-141,-106,-214,-213,-392,-396,-343,-284,-288,-284,-306,-307,-300,-296,-299,-292,-277,-271,-329,-325,-314,-306,-389,-379,-368,-367,-345,-323,-351,-345,-447,-444,-419,-419,-525,-481,-537,-525,-1106,-1043,-862,-755,-4145,-4145,-4137,-4137,-29982,-29979,-29984,-29985]} 1. Nf3 c5 2. g3 Nc6 3. Bg2 g6 4. O-O Bg7 5. e4 e5 6. d3 Nge7 7. Nc3 O-O 8. Nh4 d6 9. f4 exf4 10. Bxf4 h6 11. Be3 Be6 {B25: Closed Sicilian: 3 g3, lines without early Be3} 12. Qd2 Kh7 {LiveBook: 4 Games} 13. Rae1 {[#]} Qd7 $146 {The position is equal.} ({Predecessor:} 13... Ne5 14. h3 Qd7 15. Kh2 Rae8 16. b3 g5 17. Nf3 Nxf3+ 18. Rxf3 Nc6 19. Ref1 {0-1 (49) Bericat,A (2540)-Toro Solis de Ovando,G (2592) corr 1999}) 14. Kh1 Rae8 15. Nd5 Bxd5 16. exd5 Ne5 17. b3 Ng8 18. d4 cxd4 19. Bxd4 b6 20. a4 Re7 21. a5 Qc7 22. axb6 axb6 23. Qb4 Rb8 24. c4 Nd3 25. Rxe7 Qxe7 26. Qc3 $132 {[%mdl 2048] White is not keeping still} Bxd4 27. Qxd3 Bf6 28. Nf3 {[%cal Bh4f3,Bf3d2,Bd2e4][%mdl 32]} Kg7 29. Re1 Qd7 30. Qe3 b5 31. Nd2 bxc4 32. bxc4 Rc8 33. Qd3 Ne7 (33... Qa7 $15) 34. Ne4 Be5 35. Rc1 Qa7 36. Bh3 Rd8 37. Nd2 Rb8 38. c5 dxc5 39. d6 Ng8 $1 40. Nf3 Bf6 41. Qd5 (41. d7 $15) 41... Qa3 42. Rf1 Qb3 43. Qxc5 Rd8 44. d7 Qb7 45. Kg2 Ne7 46. Rd1 Qc6 47. Qa5 Ng8 48. Rf1 Rb8 49. Rf2 Qe4 50. Qc7 Rd8 51. Qd6 $2 {[#]} (51. Rc2 $11) 51... g5 $1 $19 52. g4 Ne7 53. Kg1 {[#]} (53. Kh1 $17) 53... Ng6 $1 54. Bf1 $2 (54. Kh1 {might work better.}) 54... Qxg4+ 55. Kh1 Qxd7 56. Qxd7 Rxd7 57. Rd2 Rxd2 58. Nxd2 {[%mdl 4096] Endgame KBN-KBN} Ne7 59. Kg2 Bd4 60. Nb3 Bb6 61. Nd2 f5 62. Nc4 Bc5 63. Ne5 Bd4 64. Nc4 Nd5 65. Kh1 Kf6 66. Bd3 Bc5 67. Bc2 g4 68. Ba4 h5 {[%cal Bh6h5,Bh5h4][%mdl 32]} 69. Be8 Nf4 70. Bd7 h4 71. Bc8 Nd3 72. Kg2 Kg5 73. Bd7 f4 74. Nd2 f3+ 75. Nxf3+ gxf3+ 76. Kxf3 Ne5+ {Precision: White = 31%, Black = 80%.} 0-1

[Event "40th Nezhmetdinov Rapid 2018"]
[Site "Kazan"]
[Date "2018.09.12"]
[Round "11"]
[White "Gabrielian, Artur"]
[Black "Rakhmanov, Aleksandr"]
[Result "1/2-1/2"]
[WhiteElo "2503"]
[BlackElo "2647"]
[Annotator "TA"]
[PlyCount "84"]
[EventDate "2018.09.11"]
[EventType "swiss"]
[EventCountry "RUS"]
[SourceTitle "playchess.com"]
[Source "ChessBase"]
[SourceQuality "1"]

{[%evp 11,84,0,18,-25,-3,-13,-4,-12,-11,-11,-11,0,0,0,0,-23,-13,-18,-22,-12,-7,-21,-1,1,12,12,21,20,47,23,41,0,0,6,22,11,45,43,52,43,37,20,24,3,39,5,0,0,0,0,0,0,-4,-33,0,0,0,0,0,0,0,0,0,0,0,0,0,0,0,0,0,0,0,0,0]} 1. e4 c5 2. Nc3 Nc6 3. Bb5 Nd4 4. Bc4 e6 5. Nf3 Nf6 6. O-O a6 {LiveBook: 188 Games} 7. a3 {B30: Sicilian: 2...Nc6 3 Bb5, lines without ...g6} (7. Bb3 d6 8. d3 Nxb3 9. axb3 Be7 10. d4 cxd4 11. Qxd4 O-O 12. Rd1 e5 13. Qd3 h6 14. Nd2 b5 {½-½ (58) Inarkiev,E (2730)-Gelfand,B (2734) Magas 2016}) 7... b5 $146 ({Predecessor:} 7... d5 8. exd5 exd5 9. Be2 Nxe2+ 10. Qxe2+ Qe7 11. Qd1 d4 12. Re1 Be6 13. Ne2 Qc7 14. Ng3 Be7 {0-1 (45) Montabord,M (2063)-Jones,G (2593) Caleta 2011}) 8. Ba2 Bb7 9. d3 Nxf3+ 10. Qxf3 Be7 11. Qg3 O-O 12. Bh6 {[%csl Gh6][%cal Rg3g7] [#]} Ne8 13. Bd2 f5 14. exf5 Rxf5 15. Rae1 Nd6 16. Ne4 Qf8 17. c3 c4 18. Bb1 Nxe4 19. dxe4 Rh5 20. e5 Qf7 21. Be4 (21. Bc2 {with more complications.} Rf8 22. Be3 Bc6 23. h3 Bd5 24. Qh2) 21... Bxe4 22. Rxe4 Rf8 23. Be3 Bd8 24. Rd1 Bc7 25. f4 Rf5 26. h3 Rd8 27. a4 h5 28. axb5 (28. Qh4 {looks sharper.} Qg6 29. Re1 Rf7 30. Bd4 Rb8 31. Qf2) 28... axb5 29. Kh1 d5 30. exd6 $1 Rxd6 31. Rxd6 Bxd6 32. Rd4 Rd5 (32... Bc7 $5 {[%cal Re6e5]} 33. Qf3 e5 $15) 33. Rxd5 {The position is equal.} exd5 34. Qg5 Kh7 35. f5 Be7 36. Qf4 h4 37. Qg4 Bf6 38. Bg5 Bxg5 39. Qxg5 Qf6 40. Qh5+ Kg8 41. Qe8+ Kh7 42. Qh5+ Kg8 {Precision: White = 67%, Black = 60%.} 1/2-1/2